000 00719cam a2200205 4500
001 WS122022
008 030416n 000 0 eng u
035 _a(Sirsi) u122021
110 _aBuilding Owners and Managers Association
_93928
245 _aBuilding Owners and Managers Association : Canada
520 _aWeb site for this organisation which describes itself as 'the voice of the Canadian commercial real estate industry'. Includes details of publications and lobbying work.
650 _aWEB SITE
650 _aCANADA
650 _aINTERNATIONAL
650 _aORGANISATION
650 _aPROPERTY OWNERS
690 _aPROPERTY-COMMERCIAL PROPERTY
856 _uhttps://www.bomacanada.org
942 _n0
999 _c120273
_d120273